Nový Zákon o pohrebníctve s dôvodovou správou : zákon č. 131/2010 Z. z. z 3. marca 2010 o pohrebníctve

Gespeichert in:
Bibliographische Detailangaben
Format: Buch
Sprache:Slowakisch
Veröffentlicht: Bratislava : Epos 2010
Ausgabe:[1. vyd.]
Schriftenreihe:Špecializovaná edícia neperiodických publikácií : predpisy pre podnikateľskú sféru
Novelizované zákony s dôvodovými správami v úplnom znení 17
Schlagworte:
ISBN:9788080578633
Online-Zugang: Volltext
Tags: Tag hinzufügen
Keine Tags, Fügen Sie den ersten Tag hinzu!

MARC

LEADER 00000nam a2200000 4500
003 SK-BrCVT
005 20220617222834.0
008 100506s2010 xo e ||||||slo d
020 |a 9788080578633 
035 |a CVTIDW0000205 
040 |b slo  |a CVTI SR  |e AACR2 
041 0 |a slo 
044 |a xo 
080 |a 34  |2 UDC-MRF 
080 |a 351.776  |2 UDC-MRF 
245 1 0 |a Nový Zákon o pohrebníctve s dôvodovou správou :  |b zákon č. 131/2010 Z. z. z 3. marca 2010 o pohrebníctve 
246 1 4 |a Nový Zákon o pohrebníctve s aktualizovanou dôvodovou správou 
250 |a [1. vyd.] 
260 |c 2010  |a Bratislava :  |b Epos 
300 |a 31 s. :  |b lit. ; 
490 0 |a Špecializovaná edícia neperiodických publikácií : predpisy pre podnikateľskú sféru 
490 0 |a Novelizované zákony s dôvodovými správami v úplnom znení  |v 17 
653 1 |a pohrebníctvo 
653 1 |a pohrebná služba 
653 1 |a krematórium 
653 1 |a pohrebisko 
653 1 |a nájomná zmluva 
653 1 |a obec 
910 |b A610862 
919 |a 978-80-8057-863-3 
974 |a jana.rakovicka  |f Knihy 
992 |a IZK 
999 |c 152675  |d 152675